[Event "37. Copenhagen Open (Politiken Cup)"]
[Site "Elsinore"]
[Date "2015.07.26"]
[Round "3"]
[White "Nielsen, Kai Gylling"]
[Black "Fabrin, Morten"]
[Result "0-1"]
[WhiteElo "1761"]
[BlackElo "2009"]
[PlyCount "92"]
[EventDate "2015.07.25"]
[EventType "swiss"]
[EventRounds "10"]
[EventCountry "DEN"]
[Source "ChessBase"]
[SourceDate "2015.09.14"]

1. Nf3 c5 2. e4 e6 3. d4 cxd4 4. Nxd4 a6 5. Nc3 Qc7 6. Bd3 Bb4 7. Bd2 Nf6 8.
O-O O-O 9. a3 Be7 10. Qe2 d6 11. Rae1 Nc6 12. Nxc6 bxc6 13. Kh1 e5 14. b4 Bb7
15. f4 c5 16. bxc5 Qxc5 17. fxe5 dxe5 18. Rb1 Qc6 19. Rb3 a5 20. Rfb1 Rfb8 21.
Bg5 a4 22. Nd5 Nxd5 23. exd5 Qxd5 24. Be4 Qd4 25. Bxh7+ Kxh7 26. Rh3+ Kg8 27.
Rd1 Qxd1+ 28. Qxd1 Bxg5 29. Qh5 Bh6 30. Rg3 Rd8 31. Kg1 Rd6 32. Rd3 Rxd3 33.
cxd3 Be3+ 34. Kf1 Bd4 35. Qg5 Rc8 36. h4 Rc2 37. Qd8+ Kh7 38. Qd7 Rf2+ 39. Ke1
Bxg2 40. Qxa4 Rf4 41. Qd7 Bf1 42. a4 Bxd3 43. Kd2 Bc4 44. Qc7 Rf2+ 45. Ke1 Bd3
46. a5 Be3 0-1

[Event "37. Copenhagen Open (Politiken Cup)"]
[Site "Elsinore"]
[Date "2015.07.26"]
[Round "3"]
[White "Nielsen, Leo"]
[Black "Ranaldi, Lucas"]
[Result "0-1"]
[WhiteElo "1775"]
[BlackElo "2142"]
[PlyCount "98"]
[EventDate "2015.07.25"]
[EventType "swiss"]
[EventRounds "10"]
[EventCountry "DEN"]
[Source "ChessBase"]
[SourceDate "2015.09.14"]

1. e4 c5 2. Nf3 g6 3. d4 cxd4 4. Qxd4 Nf6 5. e5 Nc6 6. Qa4 Nd5 7. Bc4 Nb6 8.
Bxf7+ Kxf7 9. Qf4+ Kg8 10. Ng5 Qe8 11. Nc3 Bg7 12. Nf3 Qf7 13. O-O Qxf4 14.
Bxf4 a6 15. a4 Nb4 16. a5 N6d5 17. Nxd5 Nxd5 18. Bg3 b5 19. Rad1 Bb7 20. Rfe1
e6 21. b3 b4 22. Rd3 Rc8 23. Re2 Bc6 24. Nd4 h6 25. h3 Kh7 26. Red2 Bb5 27.
Nxb5 axb5 28. Rxd5 exd5 29. Rxd5 Rxc2 30. Rxd7 Re8 31. Rd5 Rc3 32. Rxb5 Rxb3
33. a6 Ra3 34. Rb6 Bxe5 35. Rb7+ Kg8 36. Bxe5 Rxe5 37. a7 Rea5 38. Rb8+ Kg7 39.
Rb7+ Kf6 40. Rb6+ Kg5 41. h4+ Kxh4 42. Rxg6 Rxa7 43. Rxh6+ Kg5 44. Rb6 Ra1+ 45.
Kh2 Rb1 46. Kg3 Ra3+ 47. Kh2 b3 48. Kg3 b2+ 49. f3 Rc3 0-1

[Event "37. Copenhagen Open (Politiken Cup)"]
[Site "Elsinore"]
[Date "2015.07.26"]
[Round "3"]
[White "Nielsen, Palle"]
[Black "Bakkejord, Odd Vidar"]
[Result "1-0"]
[WhiteElo "1751"]
[BlackElo "1482"]
[PlyCount "99"]
[EventDate "2015.07.25"]
[EventType "swiss"]
[EventRounds "10"]
[EventCountry "DEN"]
[Source "ChessBase"]
[SourceDate "2015.09.14"]

1. e4 c6 2. Nc3 d5 3. d4 dxe4 4. Nxe4 Bf5 5. Ng3 Bg6 6. Nf3 h6 7. Bc4 e6 8. O-O
Nd7 9. Re1 Be7 10. c3 Ngf6 11. a4 a6 12. a5 O-O 13. b4 Qc7 14. Bd3 Bxd3 15.
Qxd3 Nd5 16. Nh5 N7f6 17. Nxf6+ Nxf6 18. Ne5 Bd6 19. Qg3 Kh8 20. Qh4 Be7 21.
Bf4 Nd5 22. Qg3 Nxf4 23. Qxf4 Bd6 24. Qd2 Rad8 25. f4 Bxe5 26. fxe5 f6 27. exf6
Rxf6 28. Qe3 Re8 29. Qe5 Qd7 30. Re3 Qf7 31. Rae1 Rf8 32. h3 Qg6 33. Kh2 Rf2
34. Rg3 Qf6 35. Qxe6 Qxe6 36. Rxe6 R8f7 37. Rge3 Rc2 38. Re7 Rxe7 39. Rxe7 Rxc3
40. Rxb7 Rc4 41. Rb6 Rxd4 42. Rxc6 Rxb4 43. Rxa6 Kg8 44. Ra7 Re4 45. a6 Ra4 46.
Kg3 Kf8 47. Ra8+ Ke7 48. a7 Kd6 49. Rd8+ Kc7 50. a8=Q 1-0

[Event "37. Copenhagen Open (Politiken Cup)"]
[Site "Elsinore"]
[Date "2015.07.26"]
[Round "3"]
[White "Nilsen, Tobias Lang"]
[Black "Nielsen, Jorgen Lovgren"]
[Result "0-1"]
[WhiteElo "1855"]
[BlackElo "2106"]
[PlyCount "84"]
[EventDate "2015.07.25"]
[EventType "swiss"]
[EventRounds "10"]
[EventCountry "DEN"]
[Source "ChessBase"]
[SourceDate "2015.09.14"]

1. e4 e5 2. Nf3 Nc6 3. Bb5 Nf6 4. d3 d6 5. O-O Be7 6. c3 O-O 7. Re1 Bd7 8. Nbd2
Na5 9. Bxd7 Qxd7 10. d4 exd4 11. cxd4 g6 12. Nf1 Nh5 13. d5 Nc4 14. Ng3 Nxg3
15. hxg3 Bf6 16. Qb3 b5 17. Nd2 Nb6 18. Nf3 Rfe8 19. Bf4 Nc4 20. Re2 a6 21. a4
Bg7 22. axb5 axb5 23. Rxa8 Rxa8 24. Re1 Bxb2 25. Rb1 Ra3 26. Qb4 Ra1 27. Rxa1
Bxa1 28. Qb1 Bg7 29. Qa2 h6 30. Qe2 Qe8 31. Qd3 Qa8 32. Qe2 Qa1+ 33. Kh2 Qc3
34. Nd2 Qc2 35. Qe1 g5 36. Nxc4 gxf4 37. Na3 Qd3 38. Qa5 fxg3+ 39. fxg3 Be5 40.
Kg1 Bxg3 41. Qxb5 Qxa3 42. Qf1 Qe3+ 0-1

[Event "37. Copenhagen Open (Politiken Cup)"]
[Site "Elsinore"]
[Date "2015.07.26"]
[Round "3"]
[White "Nilssen, Ellen Fredericia"]
[Black "Vesterli, Michael E"]
[Result "1/2-1/2"]
[WhiteElo "1819"]
[BlackElo "2067"]
[PlyCount "60"]
[EventDate "2015.07.25"]
[EventType "swiss"]
[EventRounds "10"]
[EventCountry "DEN"]
[Source "ChessBase"]
[SourceDate "2015.09.14"]

1. d4 Nf6 2. c4 g6 3. Nc3 Bg7 4. Bg5 O-O 5. e3 d6 6. Be2 c5 7. Nf3 Qa5 8. Qd2
Nc6 9. O-O Bg4 10. dxc5 Qxc5 11. Na4 Qf5 12. Bh4 Qd7 13. Nc3 Rac8 14. b3 Rfd8
15. Rac1 b6 16. Rfd1 Na5 17. h3 Bf5 18. Nd4 Nb7 19. Nxf5 gxf5 20. Nd5 Nxd5 21.
cxd5 Nc5 22. Qb4 Rc7 23. Rc2 Ne4 24. Rdc1 Rdc8 25. Rxc7 Rxc7 26. Rxc7 Qxc7 27.
Qa4 Bf6 28. Qc6 Qb8 29. Bxf6 Nxf6 30. Bc4 Kg7 1/2-1/2

[Event "37. Copenhagen Open (Politiken Cup)"]
[Site "Elsinore"]
[Date "2015.07.26"]
[Round "3"]
[White "Norevall, Ulf"]
[Black "Gade, Jens"]
[Result "1-0"]
[WhiteElo "1905"]
[BlackElo "1572"]
[PlyCount "67"]
[EventDate "2015.07.25"]
[EventType "swiss"]
[EventRounds "10"]
[EventCountry "DEN"]
[Source "ChessBase"]
[SourceDate "2015.09.14"]

1. d4 d5 2. c4 dxc4 3. Nf3 Nf6 4. Nc3 e6 5. Bg5 Be7 6. e3 O-O 7. Bxc4 b6 8. Qe2
Bb7 9. O-O Nd5 10. Bxe7 Qxe7 11. e4 Nf4 12. Qe3 Ng6 13. Ng5 Ba6 14. b3 Bxc4 15.
bxc4 c6 16. f4 Nd7 17. e5 f5 18. exf6 Rxf6 19. Rae1 Re8 20. Nge4 Rff8 21. g3 h6
22. Qe2 Nf6 23. Nxf6+ Rxf6 24. Qg4 Qf7 25. Ne4 Nh8 26. Nxf6+ Qxf6 27. f5 e5 28.
dxe5 Rxe5 29. Rxe5 Qxe5 30. Qf4 Qc5+ 31. Kg2 Nf7 32. f6 g5 33. Qe4 Ne5 34. Rf5
1-0

[Event "37. Copenhagen Open (Politiken Cup)"]
[Site "Elsinore"]
[Date "2015.07.26"]
[Round "3"]
[White "Olesen, Poul Erik Norgaard"]
[Black "Sateren, Erlend"]
[Result "1-0"]
[WhiteElo "1970"]
[BlackElo "1400"]
[PlyCount "51"]
[EventDate "2015.07.25"]
[EventType "swiss"]
[EventRounds "10"]
[EventCountry "DEN"]
[Source "ChessBase"]
[SourceDate "2015.09.14"]

1. e4 c5 2. Nf3 Nc6 3. d4 cxd4 4. Nxd4 d6 5. Nc3 Nf6 6. Be2 g6 7. Be3 a6 8. a4
Bg7 9. Nb3 O-O 10. O-O Ne5 11. a5 Ned7 12. f4 Qc7 13. Bf3 Nc5 14. e5 Nfd7 15.
Nd5 Qd8 16. Nxc5 dxc5 17. Qd2 e6 18. Nc3 Qc7 19. Rfd1 Rb8 20. Ne4 Rd8 21. b4 b6
22. axb6 Qxb6 23. Bxc5 Qb5 24. Ra5 Qc4 25. Be7 Re8 26. Nd6 1-0

[Event "37. Copenhagen Open (Politiken Cup)"]
[Site "Elsinore"]
[Date "2015.07.26"]
[Round "3"]
[White "Olofsson Dolk, Mattis"]
[Black "Grigoriants, Sergey"]
[Result "1/2-1/2"]
[WhiteElo "2253"]
[BlackElo "2594"]
[PlyCount "34"]
[EventDate "2015.07.25"]
[EventType "swiss"]
[EventRounds "10"]
[EventCountry "DEN"]
[Source "ChessBase"]
[SourceDate "2015.09.14"]

1. d4 Nf6 2. c4 e6 3. Nc3 Bb4 4. e3 O-O 5. Nge2 d5 6. a3 Be7 7. cxd5 exd5 8.
Nf4 Re8 9. Bd3 c6 10. O-O Nbd7 11. f3 Nf8 12. Bc2 Ne6 13. Nxe6 Bxe6 14. Qd3 c5
15. dxc5 Bxc5 16. b4 Bf8 17. Ne2 g6 1/2-1/2

[Event "37. Copenhagen Open (Politiken Cup)"]
[Site "Elsinore"]
[Date "2015.07.26"]
[Round "3"]
[White "Olsen, Aage Dalstrup"]
[Black "Hein, Jacob"]
[Result "1-0"]
[WhiteElo "1735"]
[BlackElo "1441"]
[PlyCount "113"]
[EventDate "2015.07.25"]
[EventType "swiss"]
[EventRounds "10"]
[EventCountry "DEN"]
[Source "ChessBase"]
[SourceDate "2015.09.14"]

1. e4 c5 2. f4 e5 3. Nf3 exf4 4. Bc4 d6 5. d3 g5 6. g3 Bh6 7. gxf4 gxf4 8. h3
Qe7 9. Nc3 Be6 10. Bb5+ Nd7 11. Qe2 O-O-O 12. Bd2 Ngf6 13. O-O-O Ne5 14. Rdf1
Nh5 15. Rfg1 Rdg8 16. Nxe5 Ng3 17. Rxg3 Rxg3 18. Ng4 f3 19. Qe1 Bxd2+ 20. Kxd2
Qg5+ 21. Kd1 Rg2 22. Qe3 f6 23. Qxg5 fxg5 24. d4 cxd4 25. Nd5 Bxd5 26. exd5 f2
27. Bf1 Rg1 28. Nxf2 Rxh1 29. Nxh1 Rf8 30. Bd3 h5 31. Ke2 Kc7 32. Ng3 g4 33.
hxg4 h4 34. Nf5 h3 35. Kf2 Rh8 36. Ng3 a5 37. Nh5 Re8 38. g5 Re5 39. Nf4 Rxg5
40. Ne6+ Kb6 41. Nxg5 h2 42. Kg2 Kc5 43. Kxh2 Kxd5 44. Be4+ Ke5 45. Bxb7 Kf4
46. Nf7 Ke3 47. Ba6 Kd2 48. Bd3 d5 49. a4 Kc1 50. b3 Kb2 51. Kg3 Kc3 52. Kf4
Kb4 53. Ke5 Kc5 54. Ng5 Kc6 55. Kxd4 Kd6 56. Nh3 Kc6 57. Nf4 1-0

[Event "37. Copenhagen Open (Politiken Cup)"]
[Site "Elsinore"]
[Date "2015.07.26"]
[Round "3"]
[White "Opasiak, Dustin Tennessee"]
[Black "Karlsson, Ulf"]
[Result "1-0"]
[WhiteElo "1791"]
[BlackElo "2041"]
[PlyCount "71"]
[EventDate "2015.07.25"]
[EventType "swiss"]
[EventRounds "10"]
[EventCountry "DEN"]
[Source "ChessBase"]
[SourceDate "2015.09.14"]

1. e4 c5 2. Ne2 Nc6 3. Nbc3 g6 4. g3 Bg7 5. Bg2 d6 6. O-O e6 7. d3 Nge7 8. f4
O-O 9. Be3 Rb8 10. Kh1 b5 11. Qd2 Nd4 12. Bg1 b4 13. Nd1 Nxe2 14. Qxe2 Qc7 15.
a3 a5 16. axb4 axb4 17. g4 f5 18. gxf5 exf5 19. h4 h5 20. c3 Bb7 21. d4 fxe4
22. Bxe4 Nf5 23. Kh2 cxd4 24. Bxf5 Rxf5 25. Bxd4 Qf7 26. Bxg7 Kxg7 27. Qd2 Rd5
28. Qf2 Rd3 29. Ra7 Qd5 30. c4 Qxc4 31. f5 Rd4 32. Ne3 Qc5 33. fxg6 Qe5+ 34.
Kg1 Qe6 35. Nf5+ Kxg6 36. Qxd4 1-0

[Event "37. Copenhagen Open (Politiken Cup)"]
[Site "Elsinore"]
[Date "2015.07.26"]
[Round "3"]
[White "Overgaard, Jorgen"]
[Black "Bjerre, Tavs"]
[Result "0-1"]
[WhiteElo "1800"]
[BlackElo "2059"]
[PlyCount "44"]
[EventDate "2015.07.25"]
[EventType "swiss"]
[EventRounds "10"]
[EventCountry "DEN"]
[Source "ChessBase"]
[SourceDate "2015.09.14"]

1. e4 c5 2. Nc3 Nc6 3. f4 g6 4. Nf3 Bg7 5. Bc4 a6 6. d3 b5 7. Bb3 d6 8. O-O Nd4
9. Nxd4 cxd4 10. Ne2 e6 11. Ng3 Qh4 12. f5 Be5 13. fxe6 Bxe6 14. Bxe6 fxe6 15.
Qf3 Nf6 16. Bf4 O-O 17. h3 Nd7 18. Ne2 Bxf4 19. Nxf4 e5 20. g3 Qd8 21. Qg4 exf4
22. gxf4 Nf6 0-1

[Event "37. Copenhagen Open (Politiken Cup)"]
[Site "Elsinore"]
[Date "2015.07.26"]
[Round "3"]
[White "Pantzar, Milton"]
[Black "Vuilleumier, Alexandre"]
[Result "0-1"]
[WhiteElo "2098"]
[BlackElo "2357"]
[PlyCount "94"]
[EventDate "2015.07.25"]
[EventType "swiss"]
[EventRounds "10"]
[EventCountry "DEN"]
[Source "ChessBase"]
[SourceDate "2015.09.14"]

1. d4 Nf6 2. c4 e6 3. Nc3 Bb4 4. e3 O-O 5. Nge2 d5 6. a3 Be7 7. cxd5 Nxd5 8. g3
c5 9. dxc5 Nxc3 10. Qxd8 Rxd8 11. Nxc3 Bxc5 12. b4 Be7 13. Bb2 Nc6 14. Be2 e5
15. Rd1 Be6 16. O-O Bb3 17. Rd3 Kf8 18. Rc1 g6 19. Ne4 Rxd3 20. Bxd3 Rd8 21.
Bc2 Bd5 22. Rd1 f5 23. Nc3 Bf3 24. Rxd8+ Nxd8 25. e4 Nc6 26. exf5 Nd4 27. Bd1
gxf5 28. Bxf3 Nxf3+ 29. Kg2 Ne1+ 30. Kf1 Nd3 31. Ba1 Kf7 32. Nd5 Bd8 33. Ke2
Nc1+ 34. Kd1 Ke6 35. Nf4+ exf4 36. Kxc1 Bb6 37. Kd2 f3 38. h3 Bxf2 39. g4 fxg4
40. hxg4 Kd5 41. Kd3 b5 42. Bf6 Bb6 43. Bh4 Bd4 44. g5 a6 45. Bg3 Be5 46. Bf2
Bf4 47. Bh4 Bc1 0-1

[Event "37. Copenhagen Open (Politiken Cup)"]
[Site "Elsinore"]
[Date "2015.07.26"]
[Round "3"]
[White "Papp, Petra"]
[Black "Ragger, Markus"]
[Result "0-1"]
[WhiteElo "2300"]
[BlackElo "2688"]
[PlyCount "92"]
[EventDate "2015.07.25"]
[EventType "swiss"]
[EventRounds "10"]
[EventCountry "DEN"]
[Source "ChessBase"]
[SourceDate "2015.09.14"]

1. e4 e5 2. Nf3 Nc6 3. Bb5 a6 4. Ba4 Nf6 5. O-O Be7 6. d3 d6 7. c3 O-O 8. Re1
Re8 9. Nbd2 Bf8 10. h3 b5 11. Bc2 d5 12. a4 Bb7 13. Nf1 h6 14. Ng3 g6 15. axb5
axb5 16. Rxa8 Bxa8 17. Be3 Na5 18. b4 dxe4 19. Nxe4 Nxe4 20. dxe4 Nc4 21. Bc1
c5 22. bxc5 Qa5 23. Nd2 Qxc3 24. Nxc4 bxc4 25. Be3 Rb8 26. Qc1 Bc6 27. Bb1 Qa5
28. Rd1 c3 29. Bd3 Rd8 30. Bc2 Rxd1+ 31. Qxd1 h5 32. Qb1 Bxc5 33. Qb8+ Bf8 34.
Bh6 Qa1+ 35. Bb1 Qa8 36. Qxa8 Bxa8 37. Bxf8 Kxf8 38. Kf1 Bc6 39. Ke2 Bb5+ 40.
Kd1 Bf1 41. g3 Bxh3 42. Bd3 Bg2 43. Ke2 g5 44. f3 h4 45. g4 h3 46. Kf2 Ke7 0-1

[Event "37. Copenhagen Open (Politiken Cup)"]
[Site "Elsinore"]
[Date "2015.07.26"]
[Round "3"]
[White "Pedersen, Carl Aage"]
[Black "Jensen, Morten Frank"]
[Result "1-0"]
[WhiteElo "1778"]
[BlackElo "2028"]
[PlyCount "123"]
[EventDate "2015.07.25"]
[EventType "swiss"]
[EventRounds "10"]
[EventCountry "DEN"]
[Source "ChessBase"]
[SourceDate "2015.09.14"]

1. d4 g6 2. c4 Bg7 3. Nc3 c5 4. d5 Bxc3+ 5. bxc3 f5 6. Nf3 Qa5 7. Qc2 Nf6 8.
Nd2 d6 9. f3 Nbd7 10. Bb2 Nb6 11. e3 Bd7 12. Be2 O-O-O 13. O-O e5 14. Rfb1 Kb8
15. Qb3 Rdg8 16. Qa3 Qa4 17. Qxa4 Nxa4 18. Bd1 Nxb2 19. Rxb2 g5 20. Rab1 Bc8
21. a4 g4 22. Nb3 gxf3 23. Bxf3 Rg7 24. Na5 Ka8 25. Nb3 Ng4 26. Re2 h5 27. Bxg4
Rxg4 28. Nd2 Rhg8 29. a5 h4 30. h3 Rg3 31. Kh2 R3g7 32. Rf2 Bd7 33. Nf3 Rh7 34.
Rfb2 Bc8 35. Re2 Kb8 36. Kh1 Kc7 37. Nd2 Bd7 38. Rf1 Rh5 39. Ref2 b6 40. axb6+
Kxb6 41. Rb1+ Kc7 42. Ra1 Ra8 43. Nb1 Rg5 44. Rfa2 Rg3 45. Rxa7+ Rxa7 46. Rxa7+
Kd8 47. Kg1 Rxe3 48. Kf2 f4 49. Ra8+ Bc8 50. Na3 Kc7 51. Nb5+ Kb7 52. Ra7+ Kb8
53. Rf7 Bxh3 54. gxh3 Rxh3 55. Rf8+ Kb7 56. Nxd6+ Kb6 57. Ne4 Re3 58. Rf6+ Kc7
59. Nxc5 Kd8 60. d6 Ke8 61. d7+ Ke7 62. Re6+ 1-0

[Event "37. Copenhagen Open (Politiken Cup)"]
[Site "Elsinore"]
[Date "2015.07.26"]
[Round "3"]
[White "Pedersen, Hans Buus"]
[Black "Haubro, Martin"]
[Result "0-1"]
[WhiteElo "2158"]
[BlackElo "2382"]
[PlyCount "113"]
[EventDate "2015.07.25"]
[EventType "swiss"]
[EventRounds "10"]
[EventCountry "DEN"]
[Source "ChessBase"]
[SourceDate "2015.09.14"]

1. e4 c5 2. Nf3 d6 3. Bb5+ Nd7 4. d4 Ngf6 5. Nc3 cxd4 6. Qxd4 e5 7. Qd3 h6 8.
O-O Be7 9. Nd2 O-O 10. Bxd7 Nxd7 11. Nd5 Nc5 12. Qe2 f5 13. b4 Nxe4 14. Nxe4
fxe4 15. Qxe4 Bf5 16. Qe2 Bh4 17. Be3 Rc8 18. Rac1 b6 19. Rfd1 Qe8 20. f3 Qe6
21. Bf2 Bxf2+ 22. Qxf2 e4 23. f4 Rf7 24. Qe3 Bh7 25. Qd4 b5 26. Ne3 Rd8 27. Qd5
Qf6 28. g3 Qc3 29. Qd4 Qa3 30. Re1 Kh8 31. Ng4 h5 32. Ne3 d5 33. c3 Qa6 34. Qe5
Qxa2 35. Qxh5 Rf6 36. Qe5 Qa6 37. Ra1 Qb7 38. Qd4 a6 39. Ng4 Re6 40. Ne5 Qc7
41. Ra3 Kg8 42. Rea1 Qb7 43. Ng4 Bg6 44. Ne3 Bh5 45. f5 Rc6 46. g4 Bf7 47. Rf1
Qd7 48. Rfa1 Qd6 49. Rf1 Qh6 50. Rfa1 Rdd6 51. Rf1 Qg5 52. Ra2 Rh6 53. Rg2 Rh3
54. Rg3 Rch6 55. Qe5 Rxh2 56. Qf4 Rh1+ 57. Kf2 0-1

[Event "37. Copenhagen Open (Politiken Cup)"]
[Site "Elsinore"]
[Date "2015.07.26"]
[Round "3"]
[White "Percivaldi, Martin"]
[Black "Kistrup, Nicolai"]
[Result "1/2-1/2"]
[WhiteElo "2310"]
[BlackElo "1986"]
[PlyCount "103"]
[EventDate "2015.07.25"]
[EventType "swiss"]
[EventRounds "10"]
[EventCountry "DEN"]
[Source "ChessBase"]
[SourceDate "2015.09.14"]

1. d4 Nf6 2. c4 g6 3. Nc3 Bg7 4. e4 d6 5. Bd3 e5 6. d5 O-O 7. Nge2 Ne8 8. O-O
f5 9. exf5 gxf5 10. f4 e4 11. Bc2 c5 12. dxc6 bxc6 13. Be3 Be6 14. Bb3 Nc7 15.
Nd4 Qd7 16. Nxe6 Qxe6 17. Qe2 Nba6 18. Ba4 d5 19. cxd5 cxd5 20. Rad1 Rfd8 21.
Nb5 Nxb5 22. Bxb5 Nc7 23. Ba4 Kh8 24. Qf2 Rab8 25. Bd4 Qf7 26. Bb3 a6 27. Be5
Bxe5 28. fxe5 Rf8 29. Qd4 Qe6 30. Bxd5 Qxd5 31. Qxd5 Nxd5 32. Rxd5 Rxb2 33. e6
e3 34. Re5 e2 35. Re1 Rxa2 36. R1xe2 Rxe2 37. Rxe2 Kg7 38. e7 Re8 39. Re6 Kf7
40. Rxa6 Rxe7 41. Kf2 Re6 42. Ra4 Kg6 43. Kf3 Kg5 44. h4+ Kh5 45. g3 Re4 46.
Ra6 Rb4 47. Rf6 Rb5 48. Kf4 h6 49. Re6 Ra5 50. Rf6 Rb5 51. Rxf5+ Rxf5+ 52. Kxf5
1/2-1/2

[Event "37. Copenhagen Open (Politiken Cup)"]
[Site "Elsinore"]
[Date "2015.07.26"]
[Round "3"]
[White "Perrett, David C"]
[Black "Petersen, Peter Birk"]
[Result "0-1"]
[WhiteElo "1937"]
[BlackElo "2197"]
[PlyCount "66"]
[EventDate "2015.07.25"]
[EventType "swiss"]
[EventRounds "10"]
[EventCountry "DEN"]
[Source "ChessBase"]
[SourceDate "2015.09.14"]

1. d4 g6 2. g3 Bg7 3. Bg2 d6 4. h4 Nf6 5. Nc3 Nc6 6. Bg5 h6 7. Bf4 Nd7 8. Qd2
Nxd4 9. e4 c5 10. Nd5 Nb6 11. c3 Ne6 12. Ne2 Nxf4 13. gxf4 h5 14. Ne3 Bd7 15.
Qd3 Qc7 16. a4 Nxa4 17. Nd5 Qc8 18. O-O-O c4 19. Qg3 Nc5 20. f5 Bh6+ 21. Kb1
gxf5 22. e5 f4 23. Nxe7 Bf5+ 24. Ka2 Qd7 25. Nxf5 Qa4+ 26. Kb1 fxg3 27. Nxd6+
Kf8 28. fxg3 Nd3 29. Nd4 Nxe5 30. Rdf1 Ke7 31. N4f5+ Kd7 32. Ne4 Kc7 33. Nc5
Qb5 0-1

[Event "37. Copenhagen Open (Politiken Cup)"]
[Site "Elsinore"]
[Date "2015.07.26"]
[Round "3"]
[White "Petersen, Tom Petri"]
[Black "Thor, Gudmundur Sverrir"]
[Result "1-0"]
[WhiteElo "2360"]
[BlackElo "2032"]
[PlyCount "59"]
[EventDate "2015.07.25"]
[EventType "swiss"]
[EventRounds "10"]
[EventCountry "DEN"]
[Source "ChessBase"]
[SourceDate "2015.09.14"]

1. Nf3 Nf6 2. c4 c5 3. Nc3 Nc6 4. g3 g6 5. Bg2 Bg7 6. O-O O-O 7. e3 d6 8. d4
Bf5 9. d5 Nb4 10. Ne1 Qc8 11. a3 Na6 12. Nd3 Bh3 13. e4 Bxg2 14. Kxg2 Nc7 15.
Rb1 a6 16. b4 Nd7 17. Ne2 b5 18. bxc5 bxc4 19. Nb4 Nxc5 20. Qc2 f5 21. Qxc4
Nxe4 22. Nc6 Qd7 23. Be3 e6 24. dxe6 Qxe6 25. Ne7+ Kf7 26. Qxc7 Qxe7 27. Qc4+
Kf6 28. h4 g5 29. hxg5+ Nxg5 30. Bxg5+ 1-0

[Event "37. Copenhagen Open (Politiken Cup)"]
[Site "Elsinore"]
[Date "2015.07.26"]
[Round "3"]
[White "Petersson, Baldur Teodor"]
[Black "Kristensen, Lars Ostergaard"]
[Result "1-0"]
[WhiteElo "1988"]
[BlackElo "1675"]
[PlyCount "77"]
[EventDate "2015.07.25"]
[EventType "swiss"]
[EventRounds "10"]
[EventCountry "DEN"]
[Source "ChessBase"]
[SourceDate "2015.09.14"]

1. e4 c6 2. d4 d5 3. Nc3 dxe4 4. Nxe4 Bf5 5. Ng3 Bg6 6. h4 h6 7. h5 Bh7 8. Nf3
Nd7 9. Bd3 Bxd3 10. Qxd3 e6 11. Bf4 Qa5+ 12. Bd2 Bb4 13. Ne4 Bxd2+ 14. Nfxd2
Qc7 15. Nc4 Ngf6 16. Ncd6+ Kf8 17. O-O-O Nxe4 18. Nxe4 Nf6 19. Nxf6 Qf4+ 20.
Kb1 Qxf6 21. Rh3 Ke7 22. Rf3 Qg5 23. Qa3+ Ke8 24. Qb4 Qe7 25. Qc3 Qg5 26. Qb3
Rb8 27. d5 cxd5 28. Qa4+ Ke7 29. Qb4+ Ke8 30. Re1 Qxh5 31. Qd6 Rc8 32. Rxe6+
fxe6 33. Qxe6+ Kd8 34. Qd6+ Ke8 35. Re3+ Kf7 36. Qe6+ Kf8 37. Qxc8+ Kf7 38.
Qe6+ Kf8 39. Rf3+ 1-0

[Event "37. Copenhagen Open (Politiken Cup)"]
[Site "Elsinore"]
[Date "2015.07.26"]
[Round "3"]
[White "Philipsen, William Horup"]
[Black "Hartung Nielsen, Jens"]
[Result "0-1"]
[WhiteElo "1943"]
[BlackElo "2212"]
[PlyCount "64"]
[EventDate "2015.07.25"]
[EventType "swiss"]
[EventRounds "10"]
[EventCountry "DEN"]
[Source "ChessBase"]
[SourceDate "2015.09.14"]

1. e4 c5 2. d4 cxd4 3. c3 dxc3 4. Nxc3 Nc6 5. Nf3 d6 6. Bc4 e6 7. O-O Nf6 8.
Qe2 Be7 9. Rd1 e5 10. Be3 O-O 11. Rac1 Bg4 12. h3 Be6 13. Bxe6 fxe6 14. Qc4 Qd7
15. Ng5 Nd8 16. Nb5 d5 17. Qb3 a6 18. Nc7 Rc8 19. Bb6 Ne8 20. exd5 Rxc7 21.
Bxc7 Bxg5 22. Bxd8 Qxd8 23. dxe6 Qf6 24. e7+ Rf7 25. Rc8 Qxe7 26. Qa4 Rf8 27.
Rd7 Qf6 28. f3 Qe6 29. Ra8 Nd6 30. Rxd6 Qxd6 31. Qc4+ Kh8 32. Qd3 Qb6+ 0-1

[Event "37. Copenhagen Open (Politiken Cup)"]
[Site "Elsinore"]
[Date "2015.07.26"]
[Round "3"]
[White "Poulsen, Iver"]
[Black "Satre, Roger"]
[Result "1-0"]
[WhiteElo "2119"]
[BlackElo "1900"]
[PlyCount "59"]
[EventDate "2015.07.25"]
[EventType "swiss"]
[EventRounds "10"]
[EventCountry "DEN"]
[Source "ChessBase"]
[SourceDate "2015.09.14"]

1. e4 e6 2. d4 d5 3. Nc3 Bb4 4. e5 c5 5. Bd2 cxd4 6. Nb5 Bc5 7. Qg4 Ne7 8. b4
a6 9. bxc5 axb5 10. Qxg7 Rg8 11. Qxh7 Qc7 12. Nf3 Bd7 13. Be2 Nbc6 14. Ng5 Nxe5
15. f4 f6 16. fxe5 fxg5 17. Qh5+ Kd8 18. Bxg5 Qxc5 19. Bxe7+ Qxe7 20. O-O Kc7
21. Rf7 Qc5 22. Bd3 Kc6 23. Qf3 Rg5 24. Qf6 Rag8 25. g3 b4 26. Rf1 b5 27. Kg2
Qc3 28. Qe7 Kb6 29. Qxd7 Ra8 30. Qxb5# 1-0

[Event "37. Copenhagen Open (Politiken Cup)"]
[Site "Elsinore"]
[Date "2015.07.26"]
[Round "3"]
[White "Quinn, David"]
[Black "Petersen, Rasmus"]
[Result "1-0"]
[WhiteElo "1947"]
[BlackElo "1727"]
[PlyCount "53"]
[EventDate "2015.07.25"]
[EventType "swiss"]
[EventRounds "10"]
[EventCountry "DEN"]
[Source "ChessBase"]
[SourceDate "2015.09.14"]

1. d4 Nf6 2. c4 e6 3. Nc3 Bb4 4. e3 O-O 5. a3 Bxc3+ 6. bxc3 c5 7. Bd3 b6 8. Ne2
d6 9. O-O Nc6 10. e4 Ba6 11. Bg5 Qe8 12. Bxf6 gxf6 13. Ng3 Kh8 14. Qf3 Qe7 15.
e5 fxe5 16. Qxc6 Bb7 17. Qa4 exd4 18. Rae1 Qg5 19. f4 Qg7 20. f5 dxc3 21. Qc2
e5 22. f6 Qg5 23. Qxc3 Qg4 24. Be4 Bxe4 25. Rxe4 Qg6 26. Qf3 Rg8 27. Qf5 1-0

[Event "37. Copenhagen Open (Politiken Cup)"]
[Site "Elsinore"]
[Date "2015.07.26"]
[Round "3"]
[White "Ramsdal, Jens Albert"]
[Black "Adan Bermudez, Sergio"]
[Result "0-1"]
[WhiteElo "2169"]
[BlackElo "2402"]
[PlyCount "82"]
[EventDate "2015.07.25"]
[EventType "swiss"]
[EventRounds "10"]
[EventCountry "DEN"]
[Source "ChessBase"]
[SourceDate "2015.09.14"]

1. d4 d6 2. e4 Nf6 3. Nc3 e5 4. Nf3 exd4 5. Nxd4 Be7 6. Be2 O-O 7. Bf4 Re8 8.
Qd2 Bf8 9. Bg5 h6 10. Bxf6 Qxf6 11. Nd5 Qd8 12. f3 c6 13. Ne3 d5 14. exd5 Qg5
15. Ng4 Qxd5 16. Nb3 Qxd2+ 17. Kxd2 Nd7 18. Rhe1 Nb6 19. Rad1 a5 20. a3 Be6 21.
Kc1 c5 22. Bb5 Rec8 23. Ne3 a4 24. Nd2 c4 25. Ne4 Ra5 26. Nc3 Be7 27. Ned5 Nxd5
28. Rxd5 Bg5+ 29. Rxg5 hxg5 30. Re5 g4 31. f4 g6 32. Nxa4 Kg7 33. Nb6 Rh8 34.
a4 Rxh2 35. Re2 g3 36. Kb1 Rh1+ 37. Ka2 Rh5 38. Kb1 Rh2 39. c3 Bh3 40. Nxc4
Rxb5 41. axb5 Bf5+ 0-1